000 00974nam a2200313 i 4500
001 000014156
003 DO-SdBNP
005 20240530073917.0
007 ta
008 091207t1998 dr r 000 f spa d
020 _a8484000001
040 _aDO-SdBNP
_bspa
_cBNPHU
_erda
082 4 _aRD863.42
_bM358o, 1998
_222
100 1 _aMarrero Aristy, Ramón,
_d1914-1959
_922324
_eautor
245 1 0 _aOver. /
_cRamón Marrero Aristy.
250 _a19a. edición
264 4 _aSanto Domingo :
_bTaller,
_c1998
300 _a213 páginas ;
_c21 cm.
336 _2rdacontent
_atexto
_btxt
337 _2rdamedia
_asin mediación
_bn
338 _2rdacarrier
_avolumen
_bnc
490 _aBiblioteca taller ;
_v14
500 _aIncluye datos biográficos del autor en la página 1 - 2
590 _aInventariado, 2023 / MF
650 0 _aNovela dominicana
_9223
650 0 _aLiteratura dominicana.
_967
910 _aValidado. Control de calidad. MMOLINA
942 _2ddc
_cLBS1
999 _c13758
_d13758